| 000 | 00379nam a2200157Ia 4500 | ||
|---|---|---|---|
| 008 | 230312s9999||||xx |||||||||||||| ||und|| | ||
| 020 | _a81-7469-0190 | ||
| 082 |
_a658.3124 _bBIS |
||
| 100 | _aBishop sue | ||
| 245 | 0 | _aTraining For Change | |
| 260 |
_bViva _aIndia _c1999 |
||
| 300 | _a346 | ||
| 546 | _aEng. | ||
| 650 |
_aManagement _vmanaging the process of change |
||
| 942 | _cBK | ||
| 999 |
_c571 _d571 |
||